| 000 | 00579nam a2200217 a 4500 | ||
|---|---|---|---|
| 005 | 20220622063433.0 | ||
| 008 | 040825s1998 mx r 000 0 spa d | ||
| 020 | _a8489666334 | ||
| 035 | _aUPN01000134376 | ||
| 049 | _aCG | ||
| 050 | 4 |
_aPQ7798.13 O5.7 _bS9 |
|
| 100 | 1 |
_aConti, Haroldo, _d1925-1976 |
|
| 245 | 1 | 0 |
_aSudeste ; Ligados / _cHaroldo Conti. |
| 260 |
_aMadrid : _bALLCA XX : _bCNCA, _c1998. |
||
| 300 |
_a736 p. : _bil. |
||
| 440 | 0 |
_aArchivos ; _v34 |
|
| 500 | _a"Edición Crítica" | ||
| 650 | 0 |
_aNovela argentina _95078 |
|
| 740 | 0 | _aLigados | |
| 905 | _aLibro | ||
| 999 |
_c106527 _d106527 |
||